Искусственное жидкое топливо и его значение в плане Урало-Кузнецкого комбината

Bibliographische Detailangaben
1. Verfasser: Петров А. Д.
Körperschaft: Академия наук СССР (АН СССР)
Sprache:Russisch
Veröffentlicht: Ленинград, Издательство Академии наук, 1932
Schriftenreihe:Научно-популярная литература
Schlagworte:
Format: MixedMaterials Buch
KOHA link:https://koha.lib.tpu.ru/cgi-bin/koha/opac-detail.pl?biblionumber=375683

MARC

LEADER 00000nam0a2200000 4500
001 375683
005 20231101051652.0
010 |b 6000 экз. 
035 |a (RuTPU)RU\TPU\retro\33122 
035 |a RU\TPU\book\276559 
090 |a 375683 
100 |a 20221220d1932 k y0rusy50 ca 
101 0 |a rus 
102 |a RU 
105 |a y z 000zy 
200 1 |a Искусственное жидкое топливо и его значение в плане Урало-Кузнецкого комбината  |f А. Д. Петров  |g Академия наук СССР  
210 |a Ленинград  |c Издательство Академии наук  |d 1932 
215 |a 143 с. 
225 1 |a Научно-популярная литература 
317 |5 63413507: 179327  |a Поступила в НТБ в 1940 г. в составе книжного собрания академика М. А. Усова. 
610 1 |a жидкое топливо 
610 1 |a Кузнецкий металлургический комбинат 
610 1 |a библиотека М. А. Усова 
675 |a 662.75  |v 3 
700 1 |a Петров  |b А. Д. 
712 0 2 |a Академия наук СССР (АН СССР)  |2 stltpush  |3 (RuTPU)RU\TPU\col\722 
801 1 |a RU  |b 63413507  |c 20140319 
801 2 |a RU  |b 63413507  |c 20221220  |g RCR 
942 |c BK